000
00313nam a22001337a 4500
008
181029b xxu||||| |||| 00| 0 eng d
020
_a
42517000024011
041
_a
eng
080
_a
615.83
100
_a
8
101
_a
EKZ
245
_a
Lifelong Constract Sports Marketplace
_c
Greg.J.C
942
_2
udc
_c
BK
999
_c
50945
_d
50945